Friends Food Quiz - Statistics

General Stats
  • This quiz has been taken 19 times
  • The average score is 11 of 13
Answer Stats
Hint Answer % Correct
He steals a cheesecake meant for Mrs Braverman Chandler
94%
Won't share food with his date, but ends up eating her entire dessert Joey
94%
She makes a half trifle half shepherd's pie disaster for Thanksgiving dinner Rachel
94%
Monica caters his party for optometrists Richard
94%
Hides Phoebe's engagement ring in cake before she calls the gesture lame Mike
89%
brings a surprise picnic to Ross only to find out that Rachel has moved in Mona
89%
Takes Monica for Italian food in Italy for their first date Pete
89%
He angrily eats yams whilst talking about the 'I hate Rachel Green club' Will
89%
Ends up having an awkward but sweet Valentine's dinner with Ross when Susan gets called into work Carol
83%
Finds out his daughter is dating his best friend moments before his birthday cake is brought out Jack
83%
Gets pregnancy cravings for meat Phoebe
83%
Helps Chandler order expensive drinks and dessert when Joey leaves them with his credit card Janice
78%
Has a meltdown over a sandwich Ross
78%
No matching quizzes found
Score Distribution
Percent of People with Each Score
Percentile by Number Answered
Your Score History
You have not taken this quiz